Vorbestraft: ein kritischer Beitrag zur Strafrechtsreform

Guardado en:  
Detalles Bibliográficos
Autor principal: Liedke, Wilhelm Josef (Autor)
Tipo de documento: Print Libro
Lenguaje:Alemán
Publicado: Frankfurt a.M. Bollwerk-Verlags-Gesellschaft 1956
En:Año: 1956
Disponibilidad en Tübingen:Disponible en Tübingen.
IFK: P I 92
Verificar disponibilidad: HBZ Gateway
Servicio de pedido Subito: Pedir ahora.
Palabras clave:

MARC

LEADER 00000cam a22000002c 4500
001 110346938X
003 DE-627
005 20260206204251.0
007 tu
008 930525s1956 xx ||||| 00| ||ger c
035 |a (DE-627)110346938X 
035 |a (DE-603)20601760X 
035 |a (DE-576)033469385 
035 |a (DE-599)BSZ033469385 
035 |a (OCoLC)65395450 
040 |a DE-627  |b ger  |c DE-627  |e rakwb 
041 |a ger 
084 |a 1  |2 ssgn 
084 |a PH 2420  |2 rvk  |0 (DE-625)rvk/135998: 
100 1 |a Liedke, Wilhelm Josef  |4 aut 
245 1 0 |a Vorbestraft  |b ein kritischer Beitrag zur Strafrechtsreform  |c von Wilhelm Josef Liedke 
264 1 |a Frankfurt a.M.  |b Bollwerk-Verlags-Gesellschaft  |c 1956 
300 |a 184 S. 
336 |a Text  |b txt  |2 rdacontent 
337 |a ohne Hilfsmittel zu benutzen  |b n  |2 rdamedia 
338 |a Band  |b nc  |2 rdacarrier 
500 |a Literaturverzeichnis: Seite 183 - 184 
650 0 7 |0 (DE-588)4073137-6  |0 (DE-627)106093193  |0 (DE-576)209189517  |a Justizvollzugsanstalt  |2 gnd 
650 0 7 |0 (DE-588)4183475-6  |0 (DE-627)105302430  |0 (DE-576)210018895  |a Strafmaß  |2 gnd 
650 0 7 |0 (DE-588)4126268-2  |0 (DE-627)104122927  |0 (DE-576)209583673  |a Strafrechtsreform  |2 gnd 
935 |a mteo 
935 |h HEB  |i 0501 
935 |h HEB  |i 0503 
936 r v |a PH 2420  |b Allgemeine Reformliteratur  |k Rechtswissenschaft  |k Strafrecht, Strafverfahrensrecht, Kriminologie  |k Allgemeines und Geschichte  |k Geschichte  |k Allgemeine Reformliteratur  |0 (DE-627)1272236676  |0 (DE-625)rvk/135998:  |0 (DE-576)202236676 
936 s n |a p100  |2 mzub 
951 |a BO 
ELC |b 1 
LOK |0 000 xxxxxcx a22 zn 4500 
LOK |0 001 2207657329 
LOK |0 003 DE-627 
LOK |0 004 110346938X 
LOK |0 005 20020607000000 
LOK |0 008 930525||||||||||||||||ger||||||| 
LOK |0 040   |a DE-21-110  |c DE-627  |d DE-21-110 
LOK |0 852   |a DE-21-110 
LOK |0 852 1  |c P I 92  |m p  |9 00 
LOK |0 935   |a k110 
LOK |0 936ln  |a 2.4 
LOK |0 938   |k p 
LOK |0 939   |a 25-05-93  |b l01 
ORI |a SA-MARC-krimdoka001.raw 
SIG |a IFK: P I 92